000 00975nam a2200289Ia 4500
003 OSt
005 20220926012148.0
006 a|||||r|||| 00| 0
007 ta
008 220923b |||||||| |||| 00| 0 eng d
020 _a9781785332241
_c6154.62
037 _b8528, 17/01/2019, Efficient Book Distributors
_cGeneral Book
040 _aRTL
_cRTL
_beng
041 _2eng
_aeng
082 _aY9(W6), Q6
100 _aCOOK Joanna
_9315673
245 0 _aState we're in
_b Reflecting on democracy's troubles Vol.3.
260 _aNew York
_bBerghahn
_c2016
300 _aViii, 220p.
_ccm.
490 _aManagement and Industrial Engineering
500 _aBibliography chapterwise
650 _aSociology
700 _a LONG Nicholas J
_9315674
700 _a MOORE Henrietta
_9315675
942 _hY9(W6), Q6
_cGB
_2CC
999 _c621940
_d621940